Language Quiz

Random Language Quiz
Score 0/21 Timer 05:00
0 Plays Today
Clue Answer % Correct
Hostess brand snack cakeHo Ho
87.6%
Catchphrase of the Jolly Green Giant (or Santa)Ho Ho Ho
81.8%
To cast aside: 'Give the old…'Heave Ho
75.4%
Expression of boredom or indifferenceHo Hum
67.1%
…and a bottle of rum.Yo Ho Ho
65.3%
Shout from the crow's nestLand Ho
64.8%
Multi-talented Hawaiian entertainer (1930–2007)Don Ho
56.7%
Formerly SaigonHo Chi Minh City
54.9%
Words to begin pursuit of a foxTally Ho
49.1%
Pirates of the Caribbean ditty: '… (A Pirate's Life For Me)'Yo Ho
45.6%
1935 John Wayne 'directional' film about pioneersWestward Ho
42%
Clue Answer % Correct
The farmer in the dell, the farmer in the dell…Hi Ho the derry-o
34.7%
First four words of Blitzkrieg Bop (Ramones)Hey Ho Let's Go
25.1%
Oscar-winning Best Song from Slumdog Millionaire; covered by Pussycat DollsJai Ho
24.6%
Major League pitcher, 2001 All-Star with DodgersChan Ho Park
17%
Precedes 'You're as welcome as can be! M-I-C-K-E-Y M-O-U-S-E'Hey there Hi there Ho there
14.9%
1986 Michael Keaton film about the automobile industryGung Ho
14.9%
Police detective portrayed by Kam Fong on the original Hawaii Five-OChin Ho
10.1%
1989 Calvin & Hobbes comic strip compilation bookYukon Ho!
8.6%
1937 Cab Calloway movie musicalHi De Ho
3.5%
AIDS researcher; Time's Man of the Year 1996David Ho
2.5%
Come Together.
Have Fun.
All Virtual.
We all need to come together. Play Sporcle's virtual live trivia to have fun, connect with people, and get your trivia on. Join a live hosted trivia game for your favorite pub trivia experience done virtually. If a virtual private party is more your thing, go here for details.

You're not logged in!

Compare scores with friends on all Sporcle quizzes.
OR
Log In

Sporcle TV

Today on Sporcle TV


Watch our educational content, quiz creation guides, and fun videos on Sporcle TV.

Show Comments

Extras

Top Quizzes Today


Score Distribution

Paid Content

Your Account Isn't Verified!

In order to create a playlist on Sporcle, you need to verify the email address you used during registration. Go to your Sporcle Settings to finish the process.

Report this User

Report this user for behavior that violates our Community Guidelines.

Details: